Places To Study

There are group study rooms, individual study carrels, computer labs, and other spaces to study in the Libraries.

Reserve A Group Room

Online Resources

Access thousands of eBooks, audiobooks, and online journals from the comfort of your home.

Explore Resources

Events and Workshops

Join our upcoming events and workshops to enhance your skills and knowledge.

View Events

ဗုဒ္ဓဘာသာဝေါဟာရ မြန်မာ-အင်္ဂလိပ် စွယ်စုံအဘိဓာန်=Myanmar- English Encyclopedic Dictionary of Buddhist Terms / (Record no. 2220)

MARC details
000 -LEADER
fixed length control field 01065nam a22002057a 4500
003 - CONTROL NUMBER IDENTIFIER
control field OSt
005 - DATE AND TIME OF LATEST TRANSACTION
control field 20250929133646.0
008 - FIXED-LENGTH DATA ELEMENTS--GENERAL INFORMATION
fixed length control field 250911b |||||||| |||| 00| 0 eng d
040 ## - CATALOGING SOURCE
Transcribing agency DCL
082 ## - DEWEY DECIMAL CLASSIFICATION NUMBER
Classification number ၂၉၄.၃၀၃
100 0# - MAIN ENTRY--PERSONAL NAME
Personal name ဉာဏဝရ၊
Titles and words associated with a name ဦး၊ ဒေါက်တာ-
245 10 - TITLE STATEMENT
Title ဗုဒ္ဓဘာသာဝေါဟာရ မြန်မာ-အင်္ဂလိပ် စွယ်စုံအဘိဓာန်=Myanmar- English Encyclopedic Dictionary of Buddhist Terms /
Statement of responsibility, etc. ဦးဉာဏဝရ။
250 ## - EDITION STATEMENT
Edition statement တတိယအကြိမ်။
260 ## - PUBLICATION, DISTRIBUTION, ETC.
Place of publication, distribution, etc. ရန်ကုန် ၊
Name of publisher, distributor, etc. သင်းစာပေ၊
Date of publication, distribution, etc. ၂၀၁၅။
300 ## - PHYSICAL DESCRIPTION
Extent ၇၆၇ စာမျက်နှာ ၊
Dimensions ၂၇ စင်တီ။
650 ## - SUBJECT ADDED ENTRY--TOPICAL TERM
Topical term or geographic name entry element ဗုဒ္ဂဘာသာ
General subdivision အဘိဓာန်
650 ## - SUBJECT ADDED ENTRY--TOPICAL TERM
Topical term or geographic name entry element ပါဠိဘာသာစကား
General subdivision အဘိဓာန်
Form subdivision အင်္ဂလိပ်
650 ## - SUBJECT ADDED ENTRY--TOPICAL TERM
Topical term or geographic name entry element ပါဠိဘာသာစကား
General subdivision အဘိဓာန်
Form subdivision မြန်မာ
942 ## - ADDED ENTRY ELEMENTS (KOHA)
Source of classification or shelving scheme Dewey Decimal Classification
Koha item type Reference Books
Suppress in OPAC No
Holdings
Withdrawn status Lost status Source of classification or shelving scheme Damaged status Not for loan Collection Accession No. Home library Current library Shelving location Date acquired Total checkouts Full call number Barcode Date last seen Price effective from Koha item type
    Dewey Decimal Classification   Not For Loan Reference Collection ၂၁၅၀(ရည်) Dhammadhara Dhammadhara Reference Shelves 11/09/2025   ၂၉၄.၃၀၃ ဉာ ၂၁၅၀(ရည်) MB00002150 11/09/2025 11/09/2025 Reference Books